Statistics for Real Madrid CF Current Squad

Click here to take the quiz!

General Stats

  • This quiz has been taken 109 times
    (16 since last reset)
  • The average score is 23 of 44

Answer Stats

#PositionNationAnswer% Correct
3DFBrazilÉder Militão
100%
1GKBelgiumThibaut Courtois
100%
13GKUkraineAndriy Lunin
93%
2DFSpainDani Carvajal
93%
4DFAustriaDavid Alaba
93%
5MFEnglandJude Bellingham
93%
10MFCroatiaLuka Modrić
93%
8MFGermanyToni Kroos
93%
7FWBrazilVinícius Júnior
93%
15MFUruguayFederico Valverde
87%
6DFSpainNacho Fernández
87%
11FWBrazilRodrygo Goes
87%
24FWTurkeyArda Güler
80%
18MFFranceAurélien Tchouaméni
80%
-ManagerItalianCarlo Ancelotti
80%
12MFFranceEduardo Camavinga
80%
22DFGermanyAntonio Rüdiger
73%
21MFSpainBrahim Díaz
73%
23DFFranceFerland Mendy
73%
19MFSpainDani Ceballos
67%
14FWSpainJoselu
67%
25GKSpainKepa Arrizabalaga
67%
20DFSpainFran García
53%
17DFSpainLucas Vázquez
53%
33FWSpainGonzalo García
47%
32MFArgentinaNico Paz
33%
-DFSpainJesús Vallejo
27%
38MFFranceThéo Zidane
20%
34DFSpainÁlvaro Carrillo
13%
29FWUruguayÁlvaro Rodríguez
13%
30GKSpainFran González
13%
31GKSpainLucas Cañizares
13%
39GKSpainMario de Luis
13%
28MFSpainMario Martín
13%
-DFSpainRafa Marín
13%
-MFBrazilReinier Jesus
13%
36DFBrazilVinicius Tobias
13%
26GKSpainDiego Piñeiro
7%
37DFSpainEdgar Pujol
7%
41DFSpainJacobo Ramón
7%
-FWSpainJuanmi Latasa
7%
-DFSpainMarvin Park
7%
-DFSpainPablo Ramón
7%
-FWDominican RepublicPeter Federico
7%

Score Distribution

Percentile by Number Answered

Percent of People with Each Score

Your Score History

You have not taken this quiz since the last reset